000 00767nam a2200229Ia 4500
001 4187
003 GE_BSU
008 181216s||||||||xx |||||||||||||| ||und||
040 _cGE_BSU
080 _a621.5(075.8)
100 _aЧистяков,Ф.М. Игнатенко,В.В. Романенко,Н.Т. Фролов,Е.С.
245 _aЦентробежные компрессорные машины.
245 _bУчебник.
245 _cПод. ред. Ф.М.Чистякова.
260 _aМ.
260 _bМашиностроение.
260 _c1969.
300 _a328 стр. с илл. 22 см.
300 _eБиблиогр.: стр. 324.
653 _aЦентробежные компрессорные машины.
942 _cBK
999 _c38197
_d38197